| 000 | 01313nkm a2200313 i 4500 | ||
|---|---|---|---|
| 001 | 4129 | ||
| 003 | ES-MaACL | ||
| 005 | 20250713062930.0 | ||
| 007 | khrbo | ||
| 008 | 070628s1987 sp --- g |001||spa d | ||
| 100 | 0 |
_aAlfonso, _d1902-1990 _919858 |
|
| 245 | 1 | 0 |
_aExposición de Sumer : artistas árabes residentes en España [ _hFotografía] / _cAlfonso (sello). |
| 260 |
_a[S.l. : _bs.n.], _c1987. |
||
| 300 |
_a4 fot. : _bb. y n. ; _c12 x 18 cm. |
||
| 500 | _aDatos basados en invitación. | ||
| 511 | 0 | _aIntervienen: Hakim Alsadi, Hassan Albasri, Bachir El Harti, Adbeslam El Khamlichi, Jamal Ghomari, Karim Yamani. | |
| 518 | _aActo organizado por el Ateneo de Madrid, celebrado en la sala de exposiciones de Santa Catalina el martes, 27 de octubre de 1987, a las 20:00 h. | ||
| 600 | 1 | 4 |
_aAlsadi, Hakim. _920473 |
| 600 | 1 | 4 |
_aAlbasri, Hassan. _919250 |
| 600 | 1 | 4 |
_aEl Harti, Bachir. _946896 |
| 600 | 1 | 4 |
_aEl Khamlichi, Abdeslam. _946899 |
| 600 | 1 | 4 |
_aGhomari, Jamal. _956584 |
| 600 | 1 | 4 |
_aYamani, Karim. _9117546 |
| 610 | 2 | 7 |
_aAteneo de Madrid- _xActos culturales- _y1987- _vFotografías. _91902 |
| 710 | 2 |
_aAteneo de Madrid. _91875 |
|
| 852 |
_aES-MaACL _jFOT 194/1987 |
||
| 856 | 4 |
_uhttp://www.ateneodemadrid.net/biblioteca_digital/imagenes/1987/0194-1987.jpg _zVer imagen |
|
| 999 |
_c4129 _d4129 |
||